000
00333nam a2200133Ia 4500
008
240624s9999 xx 000 0 und d
041
_a
eng
082
_a
658.155 HYM
100
_a
HYMAN MICHAEL
245
_a
NEW WAYS FOR MANAGING GLOBAL FINANCIAL R
260
_c
2006
_a
England
_b
Wiley
300
_a
xv,149p. ; 24cm
365
_c
_b
27
999
_c
20705
_d
20705